[Event "SVM_Verbandsliga_Nord_2023-24"]
[Site "?"]
[Date "2023.12.10"]
[Round "4.6"]
[White "Nafe, Bernd"]
[Black "Henn, Peter"]
[Result "0-1"]
[WhiteElo "1831"]
[BlackElo "1754"]
[PlyCount "98"]
[EventDate "2023.12.10"]
[WhiteTeam "SF Schlebusch 1"]
[BlackTeam "Godesberger SK 4"]

1. e4 e6 2. d4 d5 3. Nd2 dxe4 4. Nxe4 Nd7 5. Nf3 Ngf6 6. Bd3 b6 7. Ne5 Nxe5 8.
dxe5 Nd7 9. Bf4 Be7 10. Qg4 Kf8 11. O-O-O h5 12. Qe2 a6 13. h4 Bb7 14. g3 Qe8
15. Rhe1 Nc5 16. Nxc5 Bxc5 17. Be3 Bxe3+ 18. Qxe3 g6 19. Qf4 Kg7 20. Qf6+ Kh7
21. g4 Kg8 22. Rg1 Qd8 23. Qf4 Qxh4 24. f3 hxg4 25. Rxg4 Qh6 26. Qxh6 Rxh6 27.
Be4 Bxe4 28. Rxe4 Rc8 29. Rd7 b5 30. Re3 Rh5 31. Kd2 a5 32. a3 Rh4 33. Rc3 c5
34. Ke2 c4 35. b3 b4 36. axb4 axb4 37. Rxc4 Rhxc4 38. bxc4 Rxc4 39. Kd3 Rc3+
40. Ke4 Rxc2 41. Rb7 Rb2 42. Kf4 Kg7 43. Ke3 g5 44. Kd3 Rb1 45. Kc2 Rf1 46.
Rxb4 Rxf3 47. Kd2 Rf4 48. Rb5 Kg6 49. Kd3 Kf5 0-1

[Event "SVM_Verbandsliga_Nord_2023-24"]
[Site "?"]
[Date "2023.12.10"]
[Round "4.7"]
[White "Boysen, Christopher"]
[Black "Neumann, Thomas"]
[Result "1-0"]
[WhiteElo "1734"]
[BlackElo "1656"]
[PlyCount "61"]
[EventDate "2023.12.10"]
[WhiteTeam "Godesberger SK 4"]
[BlackTeam "SF Schlebusch 1"]

1. Nf3 d5 2. c4 d4 3. b4 g6 4. Bb2 Bg7 5. e3 e5 6. exd4 exd4 7. d3 Ne7 8. Be2
O-O 9. Nbd2 b6 10. Nb3 c5 11. bxc5 bxc5 12. O-O Nd7 13. Ng5 Bb7 14. Bf3 Rb8 15.
Ba3 Qc7 16. Bxb7 Rxb7 17. Ne4 Be5 18. g3 Bd6 19. Qf3 Rb6 20. Rfe1 Ra6 21. Bc1
Ne5 22. Qe2 f6 23. Bf4 g5 24. Bxe5 Bxe5 25. Nexc5 Rc6 26. Ne4 Ng6 27. Ned2 f5
28. Nf3 Bf6 29. Nfxd4 f4 30. Nxc6 Bxa1 31. Qe6+ 1-0

[Event "SVM_Verbandsliga_Nord_2023-24"]
[Site "?"]
[Date "2023.12.10"]
[Round "4.8"]
[White "Kuberczyk, Samuel"]
[Black "Große-Gehling, Thomas"]
[Result "1/2-1/2"]
[WhiteElo "1521"]
[BlackElo "1663"]
[PlyCount "33"]
[EventDate "2023.12.10"]
[WhiteTeam "SF Schlebusch 1"]
[BlackTeam "Godesberger SK 4"]

1. c4 Nf6 2. Nf3 g6 3. g3 Bg7 4. Bg2 d5 5. cxd5 Nxd5 6. Nc3 c6 7. O-O O-O 8.
Nxd5 cxd5 9. d3 e5 10. e4 d4 11. a4 a5 12. Nd2 Be6 13. b3 Nc6 14. f4 Qd7 15.
Nc4 Bxc4 16. bxc4 f6 17. f5 {(=)} 1/2-1/2

[Event "SVM_Verbandsliga_Nord_2023-24"]
[Site "?"]
[Date "2023.12.10"]
[Round "4.1"]
[White "Wieferig, Wolfgang"]
[Black "Kocur, Alois"]
[Result "1/2-1/2"]
[WhiteElo "2141"]
[BlackElo "2142"]
[PlyCount "127"]
[EventDate "2023.12.10"]
[WhiteTeam "Schachuzipus 1"]
[BlackTeam "SV Springer Hitdorf 1"]

1. Nf3 Nf6 2. g3 g6 3. Bg2 Bg7 4. c4 O-O 5. Nc3 d6 6. O-O Nc6 7. d3 h6 8. Bd2
e5 9. Re1 Be6 10. Rc1 Qd7 11. Qa4 a6 12. a3 Nh5 13. Nd5 f5 14. Qb3 Rab8 15. Qc2
g5 16. Bc3 f4 17. Nd2 Nd4 18. Qd1 c6 19. Nb4 Bh3 20. e3 f3 21. Bh1 Ne2+ 22.
Rxe2 fxe2 23. Qxe2 Bg4 24. Qe1 Rf7 25. Nc2 Rbf8 26. f3 Be6 27. Qe2 Nf6 28. d4
Nh7 29. dxe5 dxe5 30. Ne4 Qc7 31. c5 Bd5 32. Nd6 Bxf3 33. Qc4 Bxh1 34. Kxh1 g4
35. Nxf7 Qxf7 36. Qxg4 Ng5 37. Re1 Nf3 38. Rf1 Nxh2 39. Rxf7 Nxg4 40. Rxb7 Rf1+
41. Kg2 Rf2+ 42. Kh3 h5 43. Kh4 Rxc2 44. Kxh5 Nxe3 45. Kg6 Bf8 46. Bxe5 Nc4 47.
Bg7 Rg2 48. Bxf8 Rxg3+ 49. Kf6 Rf3+ 50. Ke6 Kxf8 51. Rb8+ Kg7 52. Rb7+ Kg6 53.
Rb4 Rf4 54. b3 Re4+ 55. Kd7 Ne5+ 56. Kc7 Rxb4 57. axb4 Kf5 58. Kb6 Ke6 59. Kxa6
Kd5 60. b5 Kxc5 61. b4+ Kxb4 62. bxc6 Nxc6 63. Kb6 Kc4 64. Kxc6 1/2-1/2

[Event "SVM_Verbandsliga_Nord_2023-24"]
[Site "?"]
[Date "2023.12.10"]
[Round "4.2"]
[White "Happ, Tobias"]
[Black "Schläfer, Roland"]
[Result "1/2-1/2"]
[WhiteElo "2019"]
[BlackElo "1950"]
[PlyCount "115"]
[EventDate "2023.12.10"]
[WhiteTeam "SV Springer Hitdorf 1"]
[BlackTeam "Schachuzipus 1"]

1. d4 g6 2. c4 Bg7 3. Nf3 c5 4. Nc3 cxd4 5. Nxd4 Nc6 6. Nc2 Nf6 7. g3 O-O 8.
Bg2 d6 9. O-O Be6 10. Nd5 Qd7 11. Bg5 Ne8 12. Rb1 h6 13. Bd2 Bh3 14. Bc3 Bxg2
15. Kxg2 e6 16. Bxg7 Kxg7 17. Nc3 Nf6 18. e4 Rfd8 19. Ne3 Rac8 20. b3 Ne7 21.
Qd4 Nc6 22. Qd2 Qe7 23. Rfd1 Rd7 24. Qb2 Kh7 25. Rd2 Rcd8 26. Rbd1 Ne8 27. Ne2
Qf6 28. Qxf6 Nxf6 29. f4 Nxe4 30. Rc2 Nb4 31. Rb2 d5 32. a3 Nc6 33. cxd5 exd5
34. Nd4 Nxd4 35. Rxd4 f5 36. Rc2 Kg7 37. Kf3 h5 38. h3 Kf7 39. g4 hxg4+ 40.
hxg4 Ke6 41. Rh2 Nf6 42. Rh6 fxg4+ 43. Nxg4 Nxg4 44. Kxg4 Kf6 45. Rh3 Rd6 46.
Rhd3 R8d7 47. Re3 Rh7 48. Re5 Rhd7 49. Re3 a5 50. Re5 Rd8 51. Rg5 R8d7 52. Re5
b5 53. a4 bxa4 54. bxa4 Kf7 55. Kh4 Kf6 56. Kg4 Rd8 57. Rg5 R8d7 58. Re5
1/2-1/2

[Event "SVM_Verbandsliga_Nord_2023-24"]
[Site "?"]
[Date "2023.12.10"]
[Round "4.3"]
[White "Wippich, Jürgen"]
[Black "Schmitz, Andreas Arnold"]
[Result "1/2-1/2"]
[WhiteElo "1710"]
[BlackElo "2002"]
[PlyCount "114"]
[EventDate "2023.12.10"]
[WhiteTeam "Schachuzipus 1"]
[BlackTeam "SV Springer Hitdorf 1"]

1. e4 e6 2. d3 d5 3. Nd2 Bc5 4. g3 Nf6 5. Bg2 Nc6 6. Ngf3 dxe4 7. dxe4 e5 8.
O-O O-O 9. Qe2 Qe7 10. Nc4 Bg4 11. c3 h6 12. b4 Bd6 13. b5 Nd8 14. a4 Ne6 15.
Nxd6 cxd6 16. Ba3 Nc5 17. Bxc5 dxc5 18. Rfd1 Rad8 19. h3 Bxf3 20. Bxf3 Rxd1+
21. Rxd1 Rd8 22. Qc4 Rxd1+ 23. Bxd1 b6 24. Bb3 g5 25. Qd3 Qd7 26. Qxd7 Nxd7 27.
Kg2 Kg7 28. Kf3 Kg6 29. Ke3 Nf6 30. Bd1 Ne8 31. Be2 Nd6 32. g4 f6 33. f3 Kf7
34. Bd3 Ke7 35. Be2 Ne8 36. c4 Ng7 37. Bf1 h5 38. Be2 h4 39. Kf2 Ne6 40. Ke3
Nf4 41. Bf1 {(=)} Kd6 42. Kf2 Kc7 43. Ke3 Kb7 44. Kf2 a5 45. Ke3 Kc7 46. Kf2
Kd6 47. Ke3 Ke6 48. Kf2 Kf7 49. Ke3 Kg6 50. Kf2 Ne6 51. Be2 Nd4 52. Bd1 Kf7 53.
Ke3 Ke6 54. Kf2 Kd6 55. Ke3 Kc7 56. Kf2 Ne6 57. Be2 Nf4 {(=)} 1/2-1/2

[Event "SVM_Verbandsliga_Nord_2023-24"]
[Site "?"]
[Date "2023.12.10"]
[Round "4.4"]
[White "Bayer, Udo"]
[Black "Huppertz, Christoph"]
[Result "1/2-1/2"]
[WhiteElo "1901"]
[BlackElo "1887"]
[PlyCount "85"]
[EventDate "2023.12.10"]
[WhiteTeam "SV Springer Hitdorf 1"]
[BlackTeam "Schachuzipus 1"]

1. e4 e5 2. Nf3 Nc6 3. Bc4 Nf6 4. Ng5 d5 5. exd5 b5 6. Bf1 h6 7. Nxf7 Kxf7 8.
dxc6 Bc5 9. Be2 Rf8 10. d3 Kg8 11. Be3 Bxe3 12. fxe3 Nd5 13. Bf3 Nxe3 14. Qe2
Nf5 15. Nc3 Nd4 16. Qf2 Bg4 17. O-O-O Nxf3 18. gxf3 Bxf3 19. Qc5 Bxh1 20. Rxh1
a6 21. Qxe5 Re8 22. Qg3 Qe7 23. Ne4 Qe5 24. Qg2 Rf8 25. Rg1 Rf7 26. c3 Raf8 27.
Kc2 Qf5 28. Qg3 Kh8 29. a3 Qe6 30. Qg6 Qxg6 31. Rxg6 Kh7 32. Re6 g5 33. d4 Rd8
34. Kb3 Kg7 35. Kb4 Rd5 36. Ka5 Rdf5 37. Kxa6 Rf4 38. Kxb5 Rh4 39. a4 Rxh2 40.
b4 g4 41. a5 h5 42. Re5 Kh6 43. Re6+ {(=)} 1/2-1/2

[Event "SVM_Verbandsliga_Nord_2023-24"]
[Site "?"]
[Date "2023.12.10"]
[Round "4.5"]
[White "Schmerwitz, Reinhard"]
[Black "Pyrowicz, Jacek"]
[Result "1/2-1/2"]
[WhiteElo "1694"]
[BlackElo "1830"]
[PlyCount "57"]
[EventDate "2023.12.10"]
[WhiteTeam "Schachuzipus 1"]
[BlackTeam "SV Springer Hitdorf 1"]

1. e4 c5 2. Nf3 d6 3. d4 cxd4 4. Nxd4 Nf6 5. Nc3 a6 6. h3 e5 7. Nde2 Be6 8. g4
h6 9. Bg2 Be7 10. O-O g5 11. a4 Nc6 12. Be3 Qc7 13. Nd5 Bxd5 14. exd5 Nb8 15.
Ng3 Nbd7 16. Nf5 Bf8 17. b3 Rc8 18. c4 a5 19. Rc1 b6 20. Qe1 Nc5 21. Qc3 Be7
22. Rb1 Na6 23. Rfc1 Nd7 24. Ng7+ Kd8 25. Qc2 Ndc5 26. Qf5 Bf8 27. Nh5 Qe7 28.
f4 gxf4 29. Bxf4 {(=)} 1/2-1/2

[Event "SVM_Verbandsliga_Nord_2023-24"]
[Site "?"]
[Date "2023.12.10"]
[Round "4.6"]
[White "Schmitz, Manuela"]
[Black "Beckschwarte, Günter"]
[Result "1/2-1/2"]
[WhiteElo "1827"]
[BlackElo "1780"]
[PlyCount "51"]
[EventDate "2023.12.10"]
[WhiteTeam "SV Springer Hitdorf 1"]
[BlackTeam "Schachuzipus 1"]

1. d4 d5 2. Nf3 Nf6 3. c4 e6 4. Bg5 Nbd7 5. e3 c6 6. Qc2 Bb4+ 7. Nbd2 Qa5 8.
Bxf6 Nxf6 9. a3 Ne4 10. Rd1 Bxd2+ 11. Nxd2 f5 12. Bd3 O-O 13. O-O Qd8 14. Nf3
Ng5 15. Nxg5 Qxg5 16. f4 Qe7 17. Rf3 Bd7 18. Rh3 b5 19. c5 a5 20. b3 Kh8 21.
Qf2 g5 22. fxg5 Qxg5 23. Rg3 Qh6 24. Rh3 Qg5 25. Rg3 Qh6 26. Rh3 {(=)} 1/2-1/2

[Event "SVM_Verbandsliga_Nord_2023-24"]
[Site "?"]
[Date "2023.12.10"]
[Round "4.7"]
[White "Rohleder, Traugott"]
[Black "Kocur, Beata"]
[Result "1/2-1/2"]
[WhiteElo "1678"]
[BlackElo "1792"]
[PlyCount "63"]
[EventDate "2023.12.10"]
[WhiteTeam "Schachuzipus 1"]
[BlackTeam "SV Springer Hitdorf 1"]

1. c4 Nf6 2. Nc3 e6 3. g3 d5 4. cxd5 exd5 5. Bg2 c6 6. d3 Nbd7 7. Bg5 Be7 8.
Nf3 h6 9. Bxf6 Bxf6 10. O-O Nc5 11. Rc1 Qd6 12. b4 Ne6 13. Qb3 Nc7 14. e3 O-O
15. a3 Be6 16. Qc2 a5 17. d4 axb4 18. axb4 Ra7 19. Ra1 Rfa8 20. Rxa7 Rxa7 21.
Qb2 Bf5 22. Re1 Be7 23. b5 cxb5 24. e4 dxe4 25. Nxe4 Qd8 26. Ne5 Ra4 27. Nc5
Bxc5 28. dxc5 Rd4 29. Bxb7 Rd1 30. Qe2 Rxe1+ 31. Qxe1 Qd4 32. Qe3 {(=)} 1/2-1/2

[Event "SVM_Verbandsliga_Nord_2023-24"]
[Site "?"]
[Date "2023.12.10"]
[Round "4.8"]
[White "van de Linde, Holger"]
[Black "Buth, Manfred"]
[Result "1-0"]
[WhiteElo "1643"]
[BlackElo "1409"]
[PlyCount "63"]
[EventDate "2023.12.10"]
[WhiteTeam "SV Springer Hitdorf 1"]
[BlackTeam "Schachuzipus 1"]

1. d3 d5 2. g3 e5 3. Bg2 Be6 4. Nd2 Bc5 5. Ngf3 Nd7 6. O-O Ne7 7. Ng5 Ng6 8.
Nxe6 fxe6 9. Nf3 O-O 10. c3 c6 11. b3 b5 12. Bb2 Nf6 13. d4 exd4 14. cxd4 Bd6
15. Ne5 Bxe5 16. dxe5 Ng4 17. Bh3 h5 18. Qc2 Qe8 19. Bxg4 hxg4 20. e4 Rc8 21.
Qe2 Rf3 22. h3 Qf7 23. hxg4 Rf8 24. exd5 Nf4 25. Qc2 Nh3+ 26. Kg2 Rxf2+ 27.
Rxf2 Qxf2+ 28. Qxf2 Rxf2+ 29. Kxh3 cxd5 30. Bd4 Rf7 31. Kg2 a6 32. Rc1 1-0

[Event "SVM_Verbandsliga_Nord_2023-24"]
[Site "?"]
[Date "2023.12.10"]
[Round "4.1"]
[White "Cordts, Ingo"]
[Black "Kersten, Alexander"]
[Result "1-0"]
[WhiteElo "2181"]
[BlackElo "1929"]
[PlyCount "61"]
[EventDate "2023.12.10"]
[WhiteTeam "Ford SF Köln 1"]
[BlackTeam "BSG Rheinpark 1"]

1. Nf3 g6 2. d4 Bg7 3. e4 d6 4. c4 c5 5. Nc3 Nc6 6. Be3 Qa5 7. h3 Nf6 8. Bd3
Nd7 9. Be2 O-O 10. d5 Nd8 11. Qd2 a6 12. Bh6 Bxh6 13. Qxh6 f6 14. Nd2 Ne5 15.
f4 Nef7 16. Qh4 Kg7 17. Nf3 b5 18. e5 bxc4 19. O-O Qc7 20. exf6+ exf6 21. Bxc4
Nh6 22. g4 Ng8 23. Qg3 Re8 24. Rae1 Rxe1 25. Rxe1 Nf7 26. Re2 Ra7 27. Qe1 Qd8
28. Re8 Qc7 29. Ne4 Nfh6 30. Qc3 Bd7 31. Nxf6 1-0

[Event "SVM_Verbandsliga_Nord_2023-24"]
[Site "?"]
[Date "2023.12.10"]
[Round "4.2"]
[White "Marcks, Martin"]
[Black "Distelrath, Stephan"]
[Result "1/2-1/2"]
[WhiteElo "1979"]
[BlackElo "2123"]
[PlyCount "85"]
[EventDate "2023.12.10"]
[WhiteTeam "BSG Rheinpark 1"]
[BlackTeam "Ford SF Köln 1"]

1. Nf3 Nf6 2. c4 g6 3. Nc3 Bg7 4. d4 d6 5. e4 O-O 6. Be2 Nbd7 7. O-O e5 8. d5
Nc5 9. Nd2 a5 10. b3 Ne8 11. Rb1 f5 12. a3 Nf6 13. f3 Nh5 14. b4 axb4 15. axb4
Na6 16. g3 Qg5 17. Rf2 Nf4 18. Bf1 h5 19. Kh1 Nh3 20. Bxh3 Qe3 21. Re2 Qxc3 22.
Rb3 Qd4 23. Bb2 Qb6 24. Ba3 Bh6 25. Rg2 Kh7 26. exf5 Bxf5 27. Bxf5 Rxf5 28. Ne4
Qd4 29. Qe2 b5 30. cxb5 Qxd5 31. Rc3 Nb8 32. Rxc7+ Bg7 33. Bc1 Ra1 34. Rg1 Ra2
35. Qe3 Kg8 36. Nc3 Qa8 37. Rc8+ Kh7 38. Rf1 Rc2 39. Bd2 Qb7 40. Re8 Rxc3 41.
Rxb8 Qxb8 42. Bxc3 Qxb5 43. Kg2 1/2-1/2

[Event "SVM_Verbandsliga_Nord_2023-24"]
[Site "?"]
[Date "2023.12.10"]
[Round "4.3"]
[White "Reichelt, Frank"]
[Black "Lattermann, Stefan"]
[Result "1/2-1/2"]
[WhiteElo "1964"]
[BlackElo "1968"]
[PlyCount "64"]
[EventDate "2023.12.10"]
[WhiteTeam "Ford SF Köln 1"]
[BlackTeam "BSG Rheinpark 1"]

1. d4 Nf6 2. Bf4 d5 3. e3 e6 4. Bd3 c5 5. c3 Nc6 6. Nd2 Bd6 7. Bxd6 Qxd6 8.
Ngf3 O-O 9. O-O Bd7 10. Re1 Rfe8 11. dxc5 Qxc5 12. e4 Ng4 13. Qe2 Nce5 14. Nxe5
Nxe5 15. Bc2 Bb5 16. Qh5 Bd3 17. Qxe5 Bxc2 18. exd5 f6 19. Qh5 Bg6 20. Qf3 Rad8
21. Nb3 Qxd5 22. Qxd5 Rxd5 23. Rad1 Red8 24. Rxd5 Rxd5 25. f3 e5 26. Kf2 Kf7
27. Re2 {(=)} b6 28. Rd2 Ke6 29. Rxd5 Kxd5 30. Nd2 a5 31. Ke3 Bc2 32. g3 Bg6 {
(=)} 1/2-1/2

[Event "SVM_Verbandsliga_Nord_2023-24"]
[Site "?"]
[Date "2023.12.10"]
[Round "4.4"]
[White "Greb, Michael"]
[Black "Müller, Martin"]
[Result "0-1"]
[WhiteElo "1702"]
[BlackElo "1817"]
[PlyCount "74"]
[EventDate "2023.12.10"]
[WhiteTeam "BSG Rheinpark 1"]
[BlackTeam "Ford SF Köln 1"]

1. e4 c5 2. Nf3 g6 3. Bc4 Bg7 4. Nc3 e6 5. d4 cxd4 6. Nxd4 a6 7. a4 Ne7 8. O-O
O-O 9. Qd3 Nbc6 10. Nf3 f5 11. exf5 Nxf5 12. Bg5 Qc7 13. Rfe1 Nb4 14. Qe2 Nxc2
15. Qxc2 Qxc4 16. Re4 Qc5 17. Rd1 d5 18. Re2 Nd4 19. Nxd4 Bxd4 20. Be3 Bxe3 21.
fxe3 Bd7 22. Qd2 Rac8 23. Rf2 Rxf2 24. Kxf2 Rf8+ 25. Kg1 Bc6 26. Qd4 Qxd4 27.
exd4 b5 28. axb5 Bxb5 29. Nxb5 {(=)} axb5 30. Rf1 Rxf1+ 31. Kxf1 Kf7 32. Ke2 e5
33. dxe5 Ke6 34. Kd3 Kxe5 35. Ke3 g5 36. g3 g4 37. Kd3 d4 0-1

[Event "SVM_Verbandsliga_Nord_2023-24"]
[Site "?"]
[Date "2023.12.10"]
[Round "4.5"]
[White "Karim, Mohammed"]
[Black "Magg, Stefan"]
[Result "1/2-1/2"]
[WhiteElo "1712"]
[BlackElo "1694"]
[PlyCount "57"]
[EventDate "2023.12.10"]
[WhiteTeam "Ford SF Köln 1"]
[BlackTeam "BSG Rheinpark 1"]

1. e4 c5 2. Nf3 d6 3. d4 cxd4 4. Nxd4 Nf6 5. Nc3 a6 6. Bg5 e6 7. Bc4 Be7 8. O-O
Qc7 9. Qe2 O-O 10. f4 Qc5 11. e5 Qxd4+ 12. Kh1 Nd5 13. Rad1 Qc5 14. Ne4 Qb6 15.
Bxe7 Nxe7 16. Rxd6 Qc7 17. Rfd1 Nf5 18. Bd3 Nd7 19. Rxd7 Bxd7 20. Qg4 Ne3 21.
Nf6+ Kh8 22. Qh3 h6 23. Qxe3 Bc6 24. Ne4 Bb5 25. Nd6 Bxd3 26. cxd3 b5 27. Rc1
Qa7 28. d4 Rfd8 29. Qc3 {(=)} 1/2-1/2

[Event "SVM_Verbandsliga_Nord_2023-24"]
[Site "?"]
[Date "2023.12.10"]
[Round "4.6"]
[White "Weiland, Herbert"]
[Black "Golderer, Benjamin"]
[Result "1/2-1/2"]
[WhiteElo "1692"]
[BlackElo "1454"]
[PlyCount "80"]
[EventDate "2023.12.10"]
[WhiteTeam "BSG Rheinpark 1"]
[BlackTeam "Ford SF Köln 1"]

1. d4 d5 2. c4 e6 3. Nc3 Nf6 4. Bg5 Be7 5. e3 O-O 6. Nf3 c6 7. Rc1 Nbd7 8. Bd3
b6 9. cxd5 cxd5 10. O-O h6 11. Bh4 a6 12. Bxf6 Bxf6 13. b4 Bb7 14. Re1 e5 15.
dxe5 Nxe5 16. Nxe5 Bxe5 17. f4 Bxc3 18. Rxc3 d4 19. Rc2 Qf6 20. Rf2 dxe3 21.
Rxe3 Rfd8 22. Qb1 Qd4 23. Rg3 Rd6 24. Qb2 Rad8 25. Bf1 Qxb2 26. Rxb2 Rd1 27.
Re3 Bc6 28. Kf2 b5 29. g3 R8d2+ 30. Re2 Rxb2 31. Rxb2 Ra1 32. Bg2 Bxg2 33. Kxg2
g5 34. Kf3 Kg7 35. Ke4 Kf6 36. fxg5+ hxg5 37. Kd5 Kf5 38. Kc6 Re1 39. Kb6 Re6+
40. Kb7 Kg4 {(=)} 1/2-1/2

[Event "SVM_Verbandsliga_Nord_2023-24"]
[Site "?"]
[Date "2023.12.10"]
[Round "4.7"]
[White "Indrikson, Christian"]
[Black "Rosen, Daniel"]
[Result "0-1"]
[WhiteElo "1383"]
[BlackElo "1681"]
[PlyCount "92"]
[EventDate "2023.12.10"]
[WhiteTeam "Ford SF Köln 1"]
[BlackTeam "BSG Rheinpark 1"]

1. e4 d5 2. exd5 Nf6 3. Nf3 Nxd5 4. c4 Nb6 5. d4 e6 6. Be2 Be7 7. Nc3 c6 8. O-O
O-O 9. Bf4 Bf6 10. Qd3 Na6 11. a3 Re8 12. Ne4 Nd7 13. Nxf6+ Qxf6 14. Qe4 Qg6
15. Qe3 f6 16. Bd3 Qf7 17. Rfe1 Nf8 18. Rad1 Bd7 19. c5 Nb8 20. Bd6 a5 21. a4
Na6 22. Re2 Nb4 23. Bc4 Nd5 24. Qb3 Nb4 25. Rde1 Kh8 26. Bxf8 Rxf8 27. Bxe6
Bxe6 28. Qxe6 Qg6 29. Qe4 Qh5 30. Nd2 Qf7 31. b3 Nd5 32. Qd3 Nf4 33. Qc3 Nxe2+
34. Rxe2 Rfe8 35. Rxe8+ Qxe8 36. Nc4 Qe2 37. Ne3 h6 38. g3 Qf3 39. Qc4 Rd8 40.
Nc2 f5 41. b4 axb4 42. Qxb4 Qd1+ 43. Ne1 Re8 44. Kf1 Qe2+ 45. Kg2 Qxe1 46. Qxb7
Qe4+ 0-1

[Event "SVM_Verbandsliga_Nord_2023-24"]
[Site "?"]
[Date "2023.12.10"]
[Round "4.8"]
[White "Wirfs, Joachim"]
[Black "Edler, Rene"]
[Result "1-0"]
[WhiteElo "1671"]
[BlackElo "1570"]
[PlyCount "111"]
[EventDate "2023.12.10"]
[WhiteTeam "BSG Rheinpark 1"]
[BlackTeam "Ford SF Köln 1"]

1. d4 Nf6 2. c4 e6 3. Nc3 d5 4. Nf3 Bb4 5. Qc2 Nbd7 6. e3 O-O 7. Bd3 c5 8. O-O
dxc4 9. Bxc4 a6 10. a3 Bxc3 11. bxc3 b5 12. Ba2 Bb7 13. Nd2 Rc8 14. Qd3 Qc7 15.
Bb2 Rfd8 16. Rac1 c4 17. Qe2 Nf8 18. Bb1 Ng6 19. f3 Re8 20. Qf2 Re7 21. a4 Qa5
22. axb5 axb5 23. Bxg6 hxg6 24. Ra1 Qb6 25. Ba3 Ree8 26. Rfb1 Qc6 27. Bc5 Ra8
28. Qe1 Rxa1 29. Rxa1 Ra8 30. e4 Nd7 31. Rxa8+ Bxa8 32. Bb4 Qa6 33. e5 Nb6 34.
Ne4 Bxe4 35. fxe4 Qa2 36. h3 Qc2 37. Kh2 Na4 38. d5 Qd3 39. d6 Nb6 40. Qh4 Qe3
41. Ba5 Nd7 42. Qd8+ Kh7 43. Qxd7 Qf4+ 44. Kg1 Qc1+ 45. Kf2 Qf4+ 46. Ke2 Qxe4+
47. Kd1 Qb1+ 48. Kd2 Qd3+ 49. Kc1 Qe3+ 50. Kb2 Qd2+ 51. Ka3 Qd5 52. Qxf7 Qxe5
53. Qc7 Qe4 54. Kb4 Qb1+ 55. Kc5 Qf5+ 56. Kb6 1-0

[Event "SVM_Verbandsliga_Nord_2023-24"]
[Site "?"]
[Date "2023.12.10"]
[Round "4.1"]
[White "Görgens, Albert"]
[Black "Loeschcke, Christian"]
[Result "0-1"]
[WhiteElo "2170"]
[BlackElo "1928"]
[PlyCount "66"]
[EventDate "2023.12.10"]
[WhiteTeam "Pulheimer SC 1"]
[BlackTeam "Lasker Köln 3"]

1. d4 Nf6 2. Nf3 g6 3. c4 Bg7 4. Nc3 O-O 5. e4 d6 6. Be2 e5 7. O-O Nc6 8. d5
Ne7 9. Ne1 Nd7 10. Nd3 f5 11. Bd2 fxe4 12. Nxe4 Nf6 13. f3 Nf5 14. Ndf2 Nd4 15.
Bd3 Nh5 16. Bg5 Qd7 17. Kh1 Nf4 18. Qd2 h6 19. Bh4 Nxg2 20. Kxg2 Nxf3 21. Qe2
Nxh4+ 22. Kh1 Rf4 23. Rg1 Qf7 24. c5 Nf3 25. cxd6 Nxg1 26. Kxg1 Bf5 27. dxc7
Qxc7 28. Rd1 Rf8 29. Bc4 Qb6 30. Kg2 Bf6 31. Rd2 Bh4 32. Ng3 Rxf2+ 33. Qxf2
Bh3+ 0-1

[Event "SVM_Verbandsliga_Nord_2023-24"]
[Site "?"]
[Date "2023.12.10"]
[Round "4.2"]
[White "Pericic, Boris"]
[Black "Bausch, Thomas"]
[Result "0-1"]
[WhiteElo "1821"]
[BlackElo "2071"]
[PlyCount "64"]
[EventDate "2023.12.10"]
[WhiteTeam "Lasker Köln 3"]
[BlackTeam "Pulheimer SC 1"]

1. e4 c5 2. Nf3 d6 3. d4 cxd4 4. Nxd4 Nf6 5. Nc3 Nc6 6. f4 Qc7 7. Nf3 g6 8. Bd3
Bg7 9. O-O O-O 10. Kh1 a6 11. Qe1 b5 12. a3 e5 13. Qh4 Nh5 14. f5 Qd8 15. Qh3
Nf4 16. Bxf4 exf4 17. g4 fxg3 18. hxg3 Ne5 19. Nxe5 Bxe5 20. Kg2 Qg5 21. Rad1
h5 22. Be2 Bb7 23. Nd5 Bxb2 24. fxg6 fxg6 25. Qe6+ Kh8 26. Qxd6 Rxf1 27. Rxf1
Be5 28. Rf8+ Kg7 29. Qd7+ Kxf8 30. Qxb7 Qxg3+ 31. Kf1 Re8 32. Qxa6 Bd4 0-1

[Event "SVM_Verbandsliga_Nord_2023-24"]
[Site "?"]
[Date "2023.12.10"]
[Round "4.3"]
[White "Jülich, Thomas"]
[Black "Hüllen, Rene"]
[Result "1-0"]
[WhiteElo "1961"]
[BlackElo "1981"]
[PlyCount "66"]
[EventDate "2023.12.10"]
[WhiteTeam "Pulheimer SC 1"]
[BlackTeam "Lasker Köln 3"]

1. e4 c5 2. b3 a6 3. Bb2 Nc6 4. Nf3 e6 5. Be2 d5 6. d3 Nf6 7. Nbd2 Qc7 8. O-O
Be7 9. Re1 O-O 10. Bf1 d4 11. e5 Nd5 12. Ne4 Nf4 13. c3 Rd8 14. Rc1 dxc3 15.
Bxc3 Nd5 16. Bb2 Qa5 17. a3 Bd7 18. Qc2 Nd4 19. Nxd4 cxd4 20. b4 Qa4 21. Qxa4
Bxa4 22. Bxd4 h6 23. Bc5 Bxc5 24. Nxc5 Bc6 25. Nb3 Nf4 26. Rc3 Bb5 27. d4 Nd5
28. Rcc1 Bc6 29. Na5 Ne7 30. Nb3 Bd5 31. Bc4 Bxc4 32. Rxc4 Nc6 33. f4 Rd5 1-0

[Event "SVM_Verbandsliga_Nord_2023-24"]
[Site "?"]
[Date "2023.12.10"]
[Round "4.4"]
[White "Vieira, Daniel"]
[Black "Laschewski, Andreas"]
[Result "1-0"]
[WhiteElo "1813"]
[BlackElo "1910"]
[PlyCount "65"]
[EventDate "2023.12.10"]
[WhiteTeam "Lasker Köln 3"]
[BlackTeam "Pulheimer SC 1"]

1. d4 Nf6 2. c4 c5 3. d5 b5 4. cxb5 a6 5. e3 g6 6. Nf3 axb5 7. Bxb5 Bg7 8. O-O
O-O 9. Nc3 d6 10. a4 Bb7 11. e4 Qc7 12. Re1 Nbd7 13. Bd2 e6 14. dxe6 fxe6 15.
Ng5 Rfe8 16. Qb3 d5 17. exd5 exd5 18. Ne6 Qb6 19. Nxg7 Kxg7 20. Bg5 Qd6 21.
Bxf6+ Kxf6 22. Rad1 Rxe1+ 23. Rxe1 Kg7 24. Qd1 Nf6 25. Qe2 Ba6 26. Bxa6 Rxa6
27. Nb5 Qd7 28. Nc7 Rxa4 29. Ne6+ Kg8 30. Nxc5 Qc6 31. Nxa4 Qxa4 32. Qe6+ Kg7
33. Qe7+ 1-0

[Event "SVM_Verbandsliga_Nord_2023-24"]
[Site "?"]
[Date "2023.12.10"]
[Round "4.5"]
[White "Nettekoven, Wolfgang"]
[Black "Simon, Martin"]
[Result "0-1"]
[WhiteElo "1738"]
[BlackElo "1886"]
[PlyCount "156"]
[EventDate "2023.12.10"]
[WhiteTeam "Pulheimer SC 1"]
[BlackTeam "Lasker Köln 3"]

1. e4 Nf6 2. e5 Nd5 3. d4 d6 4. Nf3 Bg4 5. Bc4 dxe5 6. dxe5 e6 7. O-O Be7 8. c3
O-O 9. Re1 c6 10. Nbd2 Nd7 11. Qc2 Nc5 12. Nd4 Bh5 13. N2b3 Bg6 14. Qe2 Nb6 15.
Nxc5 Bxc5 16. Nb3 Be7 17. Rd1 Qc7 18. Bd3 Rfd8 19. Bf4 Bxd3 20. Rxd3 Rxd3 21.
Qxd3 Rd8 22. Qg3 Nc4 23. h4 Nxb2 24. h5 Rd3 25. Qg4 Rxc3 26. h6 g6 27. Bg5 Rc4
28. Qg3 b5 29. Nd2 Ra4 30. Bxe7 Qxe7 31. Qc3 Nc4 32. Ne4 Ra3 33. Qd4 Nb6 34.
Nf6+ Kh8 35. Rc1 Ra4 36. Qd3 Rc4 37. Rxc4 Nxc4 38. Qe4 Qc7 39. Ng4 Nb6 40. Qb4
Qd8 41. Qd6 Qxd6 42. exd6 Nd7 43. f4 f6 44. Kf2 Kg8 45. Ke3 Kf7 46. Kd4 c5+ 47.
Ke3 Nb6 48. Kd3 Nd5 49. g3 Ke8 50. Nf2 f5 51. Nh3 Nf6 52. Ng5 Kd7 53. Nf7 Kc6
54. Ke2 a5 55. Nd8+ Kxd6 56. Nb7+ Kd5 57. Nxa5 Ng4 58. Nb3 Nxh6 59. Nd2 Nf7 60.
Nf3 e5 61. Nd2 exf4 62. gxf4 Nd6 63. Nf3 Ke4 64. Ng5+ Kxf4 65. Nxh7 Ne4 66. a3
Nc3+ 67. Kf2 Nb1 68. Nf8 Nxa3 69. Ne6+ Ke5 70. Nxc5 Nc2 71. Ke2 Nd4+ 72. Kd3
Kd5 73. Nd7 Nc6 74. Nf6+ Ke5 75. Ne8 g5 76. Nc7 b4 77. Kc4 g4 78. Nb5 g3 0-1

[Event "SVM_Verbandsliga_Nord_2023-24"]
[Site "?"]
[Date "2023.12.10"]
[Round "4.6"]
[White "Ledbetter, Ralf"]
[Black "Hajek, Florian"]
[Result "1/2-1/2"]
[WhiteElo "1936"]
[BlackElo "1789"]
[PlyCount "40"]
[EventDate "2023.12.10"]
[WhiteTeam "Lasker Köln 3"]
[BlackTeam "Pulheimer SC 1"]

1. e4 c5 2. Nf3 Nc6 3. d4 cxd4 4. Nxd4 d6 5. Nc3 Nf6 6. Be2 g6 7. Be3 Bg7 8.
O-O Bd7 9. f4 Qc8 10. Kh1 a6 11. a4 Rb8 12. a5 Qc7 13. Nb3 Be6 14. Nd5 Qc8 15.
Bf3 Nd7 16. c3 O-O 17. Nd4 Bxd5 18. exd5 Nxd4 19. Bxd4 Bxd4 20. cxd4 Nf6 {(=)}
1/2-1/2